MARC

LEADER 00000nam0a2200000 4500
001 87187
005 20231101213526.0
035 |a (RuTPU)RU\TPU\book\93610 
090 |a 87187 
100 |a 20051206d1974 k y0rusy50 ca 
101 0 |a rus 
102 |a RU 
105 |a a z 001zy 
200 1 |a Активационный анализ  |f Р. А. Кузнецов 
205 |a 2-е изд., перераб. и доп. 
210 |a Москва  |c Атомиздат  |d 1974 
215 |a 343 с.  |c ил. 
320 |a Библиогр.: с. 324-339 
320 |a Предметный указатель: с. 340-341 
606 1 |a Активационный анализ  |2 stltpush  |3 (RuTPU)RU\TPU\subj\1659  |9 30391 
610 1 |a аналитическая химия 
610 1 |a классификация 
610 1 |a чувствительность 
610 1 |a избирательности 
610 1 |a точность 
610 1 |a хроматография 
610 1 |a экстракция 
610 1 |a спектрометрия 
675 |a 543.52  |v 3 
700 1 |a Кузнецов  |b Р. А.  |g Рафаил Алексеевич 
801 1 |a RU  |b 63413507  |c 20051206  |g PSBO 
801 2 |a RU  |b 63413507  |c 20141218  |g PSBO 
942 |c BK